000 00470nam a2200181Ia 4500
001 24243
005 20260414151030.0
008 260414t2018||||xx |||||||||||||| ||spa||
041 _aESP
082 _a345.2
_bA81
100 _aAsencio Mellado, José María
_eAUT
245 0 _aLa prisión preventiva :
_bcomentarios a los casos emblemáticos
260 _c2018
300 _a543 páginas :
_c25 cm.
650 _aDER
654 _aCDE
942 _cLIB
_dJUS
_fJUS
_2ddc
_n
999 _c24243
_d24243